El tercer ruido : (Record no. 184759)

MARC details
000 -LEADER
campo de control de longitud fija 00919nam a2200241 i 4500
001 - NÚMERO DE CONTROL
campo de control 184759
003 - IDENTIFICADOR DE NÚMERO DE CONTROL
campo de control ES-MaACL
005 - FECHA Y HORA DE LA ÚLTIMA TRANSACCIÓN
campo de control 20231126133841.0
008 - DATOS DE LONGITUD FIJA--INFORMACIÓN GENERAL
campo de control de longitud fija 151130s2015 sp acfo |||| |dspa d
020 ## - NÚMERO INTERNACIONAL ESTÁNDAR DEL LIBRO
Número Internacional Estándar del Libro 978-84-937309-1-8
080 ## - NÚMERO DE LA CLASIFICACIÓN DECIMAL UNIVERSAL
Número de la Clasificación Decimal Universal 94(100)"1939/45":355.40(460)
100 1# - ENTRADA PRINCIPAL--NOMBRE DE PERSONA
Nombre de persona Cervero, José Luis.
9 (RLIN) 37653
245 13 - MENCIÓN DEL TÍTULO
Título El tercer ruido :
Resto del título [espionaje en España durante la Segunda Guerra Mundial] /
Mención de responsabilidad, etc. José Luis Cervero, José Antonio Landera.
260 ## - PUBLICACIÓN, DISTRIBUCIÓN, ETC.
Lugar de publicación, distribución, etc. Madrid :
Nombre del editor, distribuidor, etc. Mountainsoft-Caminos y Cumbres,
Fecha de publicación, distribución, etc. [2015]
300 ## - DESCRIPCIÓN FÍSICA
Extensión 263 p., [56] p. de lám. fot. :
Otras características físicas il. ;
Dimensiones 23 cm.
504 ## - NOTA DE BIBLIOGRAFÍA, ETC.
Nota de bibliografía, etc. Referencias bibliográficas.
650 ## - PUNTO DE ACCESO ADICIONAL DE MATERIA--TÉRMINO DE MATERIA
Término de materia o nombre geográfico como elemento de entrada Guerra mundial, 1939-1945-
Subdivisión general Servicios secretos-
Subdivisión geográfica España.
9 (RLIN) 158262
650 #4 - PUNTO DE ACCESO ADICIONAL DE MATERIA--TÉRMINO DE MATERIA
Término de materia o nombre geográfico como elemento de entrada Espionaje-
Subdivisión geográfica España.
9 (RLIN) 173486
700 1# - ENTRADA AGREGADA--NOMBRE PERSONAL
Nombre de persona Landera, José Antonio.
9 (RLIN) 158263
852 ## - LOCALIZACIÓN
Ubicación ES-MaACL
Número de control de estantería A-13633
itemnumber 191772
Sublocalización o colección R.150997
Ubicación en estantería Depósito 1
Signatura antigua Olim: N-6633
942 ## - ELEMENTOS DE ENTRADA SECUNDARIOS (KOHA)
Fuente del sistema de clasificación o colocación Clasificación decimal universal
Holdings
Estatus retirado Estado de pérdida Fuente del sistema de clasificación o colocación Estado de daño No para préstamo Biblioteca de origen Biblioteca actual Ubicación en estantería Fecha de adquisición Fuente de adquisición Total de préstamos Signatura topográfica completa Código de barras Visto por última vez Precio de reemplazo Tipo de ítem Koha
    Clasificación decimal universal     Biblioteca del Ateneo de Madrid Biblioteca del Ateneo de Madrid Depósito 1 30/11/2015 Donación   A-13633 1194543 23/02/2023 23/02/2023 Libro impreso